A háború után fehér romváros

Elmentve itt :
Bibliográfiai részletek
Szerző: Tandi Lajos
Dokumentumtípus: Cikk
Megjelent: 1979-08-07
Sorozat:Délmagyarország 69 No. 183
Kulcsszavak:Szabadtéri Játékok
Online Access:http://dmarchiv.bibl.u-szeged.hu/123136
LEADER 00455nab a2200157 i 4500
001 delm123136
005 20190523092757.0
008 190523s1979 hu o 0|| hun d
040 |a SZTE Délmagyarország Archívum  |b hun 
041 |a hun 
100 1 |a Tandi Lajos 
245 1 2 |a A háború után fehér romváros  |h [elektronikus dokumentum] /  |c  Tandi Lajos 
260 |c 1979-08-07 
300 |a 5 
490 0 |a Délmagyarország  |v 69 No. 183 
695 |a Szabadtéri Játékok